000 00876nam a2200265Ia 4500
001 9468
003 GE_BSU
008 181216s||||||||xx |||||||||||||| ||und||
020 _a9789941122095
040 _cGE_BSU
080 _a004(075.8)+004.738.5
100 _aნამიჩეიშვილი,ოლეგ
245 _aინფორმატიკის შესავალი
245 _bსახ–ლო სტუდ–ს
245 _cრედ.დავითგორდეზიანი
250 _aმეორე გამ–მა
260 _aთბილისი
260 _bუნივერსალი
260 _c2008
300 _a142გვ.20სმ.
300 _eბიბლიოგრ. გვ.135
541 _h15ლ.60თ.
653 _aინფორმატიკის შესავალი
942 _cBK
999 _c42762
_d42762